[Event "CZE-chT2E 2122"]
[Site "Czech Republic"]
[Date "2022.02.13"]
[Round "8.8"]
[White "Paral, Stanislav"]
[Black "Blaha, Petr"]
[Result "0-1"]
[WhiteElo "1972"]
[BlackElo "1965"]
[PlyCount "178"]
[EventDate "2021.10.17"]
[EventType "team-tourn"]
[EventRounds "11"]
[EventCountry "CZE"]
[SourceTitle "EXT 2024"]
[Source "ChessBase"]
[SourceDate "2023.10.10"]
[SourceVersion "1"]
[SourceVersionDate "2023.10.10"]
[SourceQuality "1"]
[WhiteTeam "Orechov Orel"]
[BlackTeam "Stare Mesto II"]
[WhiteTeamCountry "CZE"]
[BlackTeamCountry "CZE"]

1. e4 e5 2. Nf3 Nf6 3. Nxe5 d6 4. Nf3 Nxe4 5. Qe2 Qe7 6. d3 Nf6 7. Bg5 Qxe2+ 8. Bxe2 Be7 9. Nc3 Bd7 10. 0-0-0 h6 11. Bd2 Nc6 12. d4 0-0-0 13. Bc4 Rhf8 14. h3 Rde8 15. Rhe1 Bd8 16. Bf4 a6 17. g4 g5 18. Bg3 Ne7 19. Re3 Nfg8 20. Rde1 f5 21. gxf5 Nxf5 22. Rxe8 Bxe8 23. Be6+ Bd7 24. Bxf5 Rxf5 25. Nd2 d5 26. Nf1 c6 27. Ne3 Rf8 28. Rh1 Bc7 29. Ncd1 Nf6 30. h4 g4 31. c4 dxc4 32. Nxc4 Ne4 33. Ne5 Bxe5 34. dxe5 Nxg3 35. fxg3 Rf3 36. Rg1 Bf5 37. Kd2 Kd7 38. Ne3 Ke6 39. Re1 h5 40. a4 b6 41. b4 Bg6 42. Rc1 Be8 43. Nf1 Ra3 44. b5 axb5 45. axb5 c5 46. Rb1 Ra5 47. Ne3 Rxb5 48. Rf1 Kxe5 49. Nc4+ Kd5 50. Kc3 Rb4 51. Rf5+ Ke6 52. Re5+ Kd7 53. Rd5+ Kc6 54. Rd8 Bd7 55. Ne5+ Kd6 56. Nxd7 Ke7 57. Rh8 Kxd7 58. Rxh5 Ra4 59. Kb3 Re4 60. Rg5 Re3+ 61. Kc4 Rxg3 62. h5 Kc6 63. Rg6+ Kb7 64. h6 Ka6 65. h7 Rh3 66. Rg7 g3 67. Rxg3 Rxh7 68. Ra3+ Kb7 69. Kb5 Rh4 70. Rb3 Rh1 71. Rb2 Ra1 72. Rh2 Rb1+ 73. Kc4 Rb4+ 74. Kc3 Ka6 75. Rh8 Rg4 76. Rh5 Kb5 77. Rh3 Ra4 78. Rh6 Ra3+ 79. Kb2 Re3 80. Rg6 c4 81. Rh6 Kc5 82. Ka2 b5 83. Rh2 Kb4 84. Rb2+ Ka4 85. Rc2 c3 86. Kb1 b4 87. Ra2+ Kb3 88. Rb2+ Kc4 89. Rh2 Re1+ 0-1

[Event "Olexa Memorial op"]
[Site "Brno"]
[Date "2021.12.28"]
[Round "4"]
[White "Paral, Stanislav"]
[Black "Pokora, Lubomir"]
[Result "1-0"]
[WhiteElo "1961"]
[BlackElo "1758"]
[PlyCount "57"]
[EventDate "2021.12.26"]
[EventType "swiss"]
[EventRounds "7"]
[EventCountry "CZE"]
[SourceTitle "CBM 205 Extra"]
[Source "ChessBase"]
[SourceDate "2022.01.31"]
[SourceVersion "1"]
[SourceVersionDate "2022.01.31"]
[SourceQuality "1"]

1. e4 d6 2. d4 Nf6 3. Bd3 e5 4. Ne2 Nbd7 5. c3 Be7 6. 0-0 c6 7. f4 0-0 8. Nd2 Qc7 9. Nc4 b5 10. Ne3 Nb6 11. fxe5 dxe5 12. Nf5 a6 13. Bg5 Bd8 14. Neg3 Be6 15. Nxg7 Kxg7 16. Bxf6+ Bxf6 17. Nh5+ Kh8 18. Nxf6 Nd7 19. Qf3 exd4 20. cxd4 Qd8 21. Nxd7 Bxd7 22. e5 Qg5 23. Qe4 Qh5 24. Rf4 Qg6 25. Rf6 Qh5 26. Qf4 Kg7 27. Rf1 Be6 28. Rf3 Rg8 29. Rxe6 1-0

[Event "Olexa Memorial op"]
[Site "Brno"]
[Date "2021.12.27"]
[Round "2"]
[White "Nisztuk, Michal"]
[Black "Paral, Stanislav"]
[Result "0-1"]
[WhiteElo "1502"]
[BlackElo "1961"]
[PlyCount "78"]
[EventDate "2021.12.26"]
[EventType "swiss"]
[EventRounds "7"]
[EventCountry "CZE"]
[SourceTitle "CBM 205 Extra"]
[Source "ChessBase"]
[SourceDate "2022.01.31"]
[SourceVersion "1"]
[SourceVersionDate "2022.01.31"]
[SourceQuality "1"]

1. e4 g6 2. d4 Bg7 3. Nf3 c5 4. d5 d6 5. c3 Nf6 6. Bg5 0-0 7. Nbd2 a6 8. Bxf6 Bxf6 9. h4 Bg4 10. Be2 Nd7 11. Ng5 Bxe2 12. Qxe2 h6 13. Ngf3 b5 14. g4 Bg7 15. a3 c4 16. 0-0 Qb6 17. Kg2 Nc5 18. Qe3 Qd8 19. Nd4 e5 20. N4f3 Nd3 21. b3 Nf4+ 22. Kg3 cxb3 23. Nxb3 Rc8 24. Rac1 Qd7 25. Ng1 Bf6 26. Nh3 Bxh4+ 27. Kf3 Nxh3 28. Qxh6 Qe7 29. Ke2 Qg5 30. Qxg5 Bxg5 31. Rc2 Bd8 32. Rh1 Nf4+ 33. Kf3 Kg7 34. Rhc1 Rc4 35. Nd2 Ra4 36. Ra1 Ba5 37. Nb3 Rh8 38. Ke3 Bb6+ 39. Kd2 Rxe4 0-1

[Event "CZE-chT2E 1920"]
[Site "Czech Republic"]
[Date "2020.01.26"]
[Round "7.7"]
[White "Paral, Stanislav"]
[Black "Habina, Martin"]
[Result "1-0"]
[WhiteElo "1990"]
[BlackElo "2026"]
[PlyCount "111"]
[EventDate "2019.10.13"]
[EventType "team-tourn"]
[EventRounds "11"]
[EventCountry "CZE"]
[SourceTitle "EXT 2024"]
[Source "ChessBase"]
[SourceDate "2023.10.10"]
[SourceVersion "1"]
[SourceVersionDate "2023.10.10"]
[SourceQuality "1"]
[WhiteTeam "Orechov Orel"]
[BlackTeam "Kurim"]
[WhiteTeamCountry "CZE"]
[BlackTeamCountry "CZE"]

1. b3 d5 2. Bb2 Bf5 3. e3 e6 4. Nf3 Nf6 5. Be2 h6 6. a3 Be7 7. 0-0 0-0 8. c4 c5 9. d4 Nc6 10. dxc5 Bxc5 11. b4 Be7 12. Nc3 dxc4 13. Bxc4 Rc8 14. Qe2 Bg4 15. Rfd1 Qb6 16. Na4 Qc7 17. Rac1 a6 18. Bb3 Rfd8 19. h3 Rxd1+ 20. Bxd1 Bf5 21. Ne5 Qd6 22. Nb6 Rc7 23. Nbc4 Qd5 24. Nb6 Qd6 25. Nxc6 Rxc6 26. Nc8 Qc7 27. Rxc6 bxc6 28. Nxe7+ Qxe7 29. Qxa6 Be4 30. Qc8+ Kh7 31. Be5 Nd7 32. Qc7 Qg5 33. Bg3 Qd5 34. Bf3 Bxf3 35. gxf3 e5 36. e4 Qe6 37. f4 exf4 38. Qxf4 Nf6 39. Qf5+ Qxf5 40. exf5 Nd5 41. Bd6 Nc3 42. Bc5 h5 43. Kf1 Kh6 44. Be3+ Kh7 45. Ke1 Kg8 46. Bd2 Nd5 47. a4 Kf8 48. Ke2 Ke7 49. Kd3 Kd6 50. Kd4 Kc7 51. a5 Kd6 52. a6 Kc7 53. Kc5 Ne7 54. Bf4+ Kc8 55. f6 gxf6 56. Bd6 1-0

[Event "CZE-chT2D 1819"]
[Site "Czech Republic"]
[Date "2019.03.17"]
[Round "10.5"]
[White "Vrkota, Milos"]
[Black "Paral, Stanislav"]
[Result "1-0"]
[WhiteElo "2075"]
[BlackElo "2001"]
[PlyCount "115"]
[EventDate "2018.10.14"]
[EventType "team-tourn"]
[EventRounds "11"]
[EventCountry "CZE"]
[SourceTitle "EXT 2022"]
[Source "ChessBase"]
[SourceDate "2021.10.06"]
[SourceVersion "1"]
[SourceVersionDate "2021.10.06"]
[SourceQuality "1"]
[WhiteTeam "Kutna Hora"]
[BlackTeam "Orechov"]
[WhiteTeamCountry "CZE"]
[BlackTeamCountry "CZE"]

1. e4 e6 2. d4 d5 3. Nc3 dxe4 4. Nxe4 Bd7 5. Nf3 Bc6 6. Bd3 Nd7 7. 0-0 Ngf6 8. Ng3 Bxf3 9. Qxf3 c6 10. b3 Qa5 11. Bb2 Ba3 12. Bxa3 Qxa3 13. Rfe1 0-0 14. Ne4 Nxe4 15. Rxe4 Rfe8 16. Rh4 g6 17. Re1 Qa5 18. Rd1 Rad8 19. Rxh7 f5 20. Qh3 Nf6 21. Rxb7 Rd7 22. Rxd7 Nxd7 23. Qh6 Nf8 24. Qd2 Qd8 25. c3 Kg7 26. Qe3 Nd7 27. Bf1 Qc7 28. g3 Kf6 29. f4 c5 30. Bg2 Re7 31. Re1 Qd6 32. dxc5 Nxc5 33. c4 a5 34. Qc3+ Kf7 35. Bf3 Qb6 36. Kg2 Rd7 37. Re2 Rd3 38. Qh8 a4 39. Qh7+ Kf6 40. Qh8+ Kf7 41. bxa4 Qb1 42. Qa8 Qb4 43. a5 Qxc4 44. Qa7+ Rd7 45. Qb6 Rb7 46. Qc6 Ra7 47. Rxe6 Qxa2+ 48. Re2 Qxa5 49. Qe8+ Kg7 50. Re7+ Rxe7 51. Qxe7+ Kh6 52. Qf8+ Kh7 53. Qf7+ Kh6 54. Bd5 Qd2+ 55. Kh3 Qd4 56. Qf8+ Kh7 57. Bg8+ Kh8 58. Bf7+ 1-0

[Event "CZE-chT2D 1819"]
[Site "Czech Republic"]
[Date "2019.01.27"]
[Round "7.4"]
[White "Kastner, Oldrich"]
[Black "Paral, Stanislav"]
[Result "0-1"]
[WhiteElo "2034"]
[BlackElo "2001"]
[PlyCount "88"]
[EventDate "2018.10.14"]
[EventType "team-tourn"]
[EventRounds "11"]
[EventCountry "CZE"]
[SourceTitle "EXT 2022"]
[Source "ChessBase"]
[SourceDate "2021.10.06"]
[SourceVersion "1"]
[SourceVersionDate "2021.10.06"]
[SourceQuality "1"]
[WhiteTeam "Policka Stefanydes"]
[BlackTeam "Orechov"]
[WhiteTeamCountry "CZE"]
[BlackTeamCountry "CZE"]

1. d4 c5 2. dxc5 e6 3. Nc3 Bxc5 4. Ne4 Nf6 5. Nxc5 Qa5+ 6. Bd2 Qxc5 7. Nf3 Ne4 8. e3 Nc6 9. Bd3 Nxd2 10. Qxd2 d5 11. 0-0 e5 12. Be2 Be6 13. a3 a6 14. b4 Qb6 15. Ng5 Ne7 16. Rfd1 0-0 17. c4 dxc4 18. Qc2 Bf5 19. Qxc4 Rac8 20. Qh4 Qf6 21. Rac1 h6 22. Nf3 g5 23. Qg3 Ng6 24. h3 Kg7 25. Nh2 Rfd8 26. Bg4 Rxd1+ 27. Rxd1 Rc3 28. Ra1 Be4 29. Bf3 Qc6 30. Bxe4 Qxe4 31. Qf3 Qxf3 32. Nxf3 b5 33. Kf1 f5 34. Ke2 Rc2+ 35. Nd2 e4 36. Kd1 Rc3 37. a4 Ne5 38. axb5 axb5 39. Ke2 Nd3 40. f3 exf3+ 41. gxf3 Nxb4 42. e4 f4 43. Ra8 Na2 44. Nb3 Rxb3 0-1

[Event "CZE-chT2D 1819"]
[Site "Czech Republic"]
[Date "2018.11.04"]
[Round "2.5"]
[White "Paral, Stanislav"]
[Black "Halbrstat, Petr"]
[Result "1-0"]
[WhiteElo "2001"]
[BlackElo "1568"]
[PlyCount "65"]
[EventDate "2018.10.14"]
[EventType "team-tourn"]
[EventRounds "11"]
[EventCountry "CZE"]
[SourceTitle "EXT 2022"]
[Source "ChessBase"]
[SourceDate "2021.10.06"]
[SourceVersion "1"]
[SourceVersionDate "2021.10.06"]
[SourceQuality "1"]
[WhiteTeam "Orechov"]
[BlackTeam "Namest nad Oslavou"]
[WhiteTeamCountry "CZE"]
[BlackTeamCountry "CZE"]

1. e4 e6 2. d3 d5 3. Nd2 c5 4. g3 b6 5. Bg2 Bb7 6. Qe2 Be7 7. f4 Nc6 8. c3 Qd7 9. exd5 exd5 10. Bh3 Qc7 11. Ngf3 Nf6 12. 0-0 0-0 13. Ne5 Bd6 14. Ndf3 Rfe8 15. d4 a5 16. Bf5 Ba6 17. Bd3 Bxd3 18. Qxd3 Ne4 19. Bd2 c4 20. Qc2 a4 21. Rae1 b5 22. Rxe4 dxe4 23. Qxe4 Nxe5 24. fxe5 Bf8 25. Ng5 g6 26. Nxf7 Qd7 27. Kg2 Ra7 28. Nh6+ Bxh6 29. Bxh6 a3 30. e6 Qd6 31. bxa3 Rxa3 32. Qb7 Rxa2+ 33. Kg1 1-0

[Event "CZE-chT2E 1516"]
[Site "Czech Republic"]
[Date "2016.04.17"]
[Round "11.6"]
[White "Paral, Stanislav"]
[Black "Hejny, Jaroslav"]
[Result "1-0"]
[WhiteElo "2006"]
[BlackElo "2118"]
[PlyCount "61"]
[EventDate "2015.10.18"]
[EventType "team-tourn"]
[EventRounds "11"]
[EventCountry "CZE"]
[SourceTitle "EXT 2022"]
[Source "ChessBase"]
[SourceDate "2021.10.06"]
[SourceVersion "1"]
[SourceVersionDate "2021.10.06"]
[SourceQuality "1"]
[WhiteTeam "Orechov"]
[BlackTeam "Jihlava Silko Gambit"]
[WhiteTeamCountry "CZE"]
[BlackTeamCountry "CZE"]

1. e4 e5 2. Nf3 Nc6 3. d4 exd4 4. Nxd4 Bc5 5. c3 Qf6 6. Be3 Nge7 7. Bc4 0-0 8. 0-0 Ne5 9. Be2 d6 10. f4 N5c6 11. Kh1 Ng6 12. Nc2 Bxe3 13. Nxe3 Qd8 14. Bd3 b6 15. Nd2 Bb7 16. Bc2 Qd7 17. Qh5 f6 18. Rf3 Rfe8 19. Bb3+ Kh8 20. Nf5 Nf8 21. Rg3 g6 22. Qh4 Re6 23. Bxe6 Qxe6 24. Nd4 Nxd4 25. cxd4 Bxe4 26. Nxe4 Qxe4 27. Qxf6+ Kg8 28. f5 Re8 29. fxg6 Nxg6 30. Rf1 Qd5 31. Rxg6+ 1-0

[Event "Brno Duras op"]
[Site "Brno"]
[Date "2015.06.30"]
[Round "4"]
[White "Gajdos, Daniel"]
[Black "Paral, Stanislav"]
[Result "1/2-1/2"]
[WhiteElo "1814"]
[BlackElo "2046"]
[PlyCount "38"]
[EventDate "2015.06.27"]
[EventType "swiss"]
[EventRounds "9"]
[EventCountry "CZE"]
[SourceTitle "CBM 167 Extra"]
[Source "ChessBase"]
[SourceDate "2015.09.14"]
[SourceVersion "1"]
[SourceVersionDate "2015.09.14"]
[SourceQuality "1"]

1. Nf3 g6 2. c4 Bg7 3. d4 c5 4. e4 cxd4 5. Nxd4 Nc6 6. Be3 Qb6 7. Nb3 Qc7 8. Nc3 Bxc3+ 9. bxc3 d6 10. Be2 Nf6 11. f3 Bd7 12. 0-0 0-0 13. c5 dxc5 14. Nxc5 Rfd8 15. Qc1 b6 16. Bf4 e5 17. Bg5 Kg7 18. Bh6+ Kh8 19. Bg5 Kg7 1/2-1/2

[Event "CZE-chT2E 1415"]
[Site "Czech Republic"]
[Date "2014.11.30"]
[Round "3.4"]
[White "Brazdil, Roman"]
[Black "Paral, Stanislav"]
[Result "1-0"]
[WhiteElo "2119"]
[BlackElo "2084"]
[PlyCount "163"]
[EventDate "2014.11.02"]
[EventType "team-tourn"]
[EventRounds "11"]
[EventCountry "CZE"]
[SourceTitle "EXT 2022"]
[Source "ChessBase"]
[SourceDate "2021.10.06"]
[SourceVersion "1"]
[SourceVersionDate "2021.10.06"]
[SourceQuality "1"]
[WhiteTeam "Postoupky"]
[BlackTeam "Orechov"]
[WhiteTeamCountry "CZE"]
[BlackTeamCountry "CZE"]

1. e4 g6 2. d4 Bg7 3. Nc3 c5 4. Be3 Nc6 5. Nf3 Qb6 6. Nd5 Qa5+ 7. Bd2 Qd8 8. Bc3 cxd4 9. Nxd4 Nf6 10. Nb5 0-0 11. Nxf6+ exf6 12. Nd6 Qe7 13. Be2 Rd8 14. 0-0 Bf8 15. Nb5 d5 16. exd5 Bf5 17. d6 Qe4 18. Bxf6 Rd7 19. Bd3 Qe6 20. Bc3 Bxd3 21. Qxd3 Rad8 22. Rae1 Qg4 23. h3 Qg5 24. Kh1 a6 25. Nd4 Rxd6 26. Nf3 Qc5 27. Qe3 Qb5 28. Qg5 Qc4 29. a3 h6 30. Qg4 Qxg4 31. hxg4 Rd5 32. Re2 Rd1 33. Rxd1 Rxd1+ 34. Kh2 Bd6+ 35. g3 Kf8 36. Bf6 Be7 37. Bxe7+ Nxe7 38. Ne5 Rd4 39. Nd3 a5 40. Nc5 b6 41. c3 Rd6 42. Nb3 Nc6 43. Nd2 Ne5 44. Kh3 Nd3 45. Nc4 Rf6 46. f4 Kg7 47. Rd2 Nc5 48. Rd5 Re6 49. Ne5 f6 50. Nd7 Ne4 51. Kg2 Rc6 52. Kf3 Nd6 53. Nb8 Rc8 54. Rxd6 Rxb8 55. Rd7+ Kg8 56. c4 a4 57. Ke4 Re8+ 58. Kd3 Re6 59. Kc3 Re3+ 60. Rd3 Re2 61. g5 hxg5 62. fxg5 fxg5 63. Rd6 Re3+ 64. Kb4 Rxg3 65. Kxa4 g4 66. Rxg6+ Kf7 67. Rxb6 Rd3 68. Rh6 Rh3 69. Rd6 Rh2 70. b4 g3 71. Rd3 Rh3 72. Rd1 g2 73. Rg1 Rg3 74. Kb5 Ke6 75. Kb6 Ke5 76. c5 Rg6+ 77. c6 Kd5 78. b5 Kd4 79. a4 Kc4 80. Kb7 Kb4 81. c7 Kxa4 82. c8Q 1-0

[Event "CZE-chT2E 1314"]
[Site "Czech Republic"]
[Date "2014.01.19"]
[Round "6.6"]
[White "Paral, Stanislav"]
[Black "Kuchynka, Lubos"]
[Result "0-1"]
[WhiteElo "2068"]
[BlackElo "2003"]
[PlyCount "68"]
[EventDate "2013.11.03"]
[EventType "team-tourn"]
[EventRounds "11"]
[EventCountry "CZE"]
[SourceTitle "EXT 2016"]
[Source "ChessBase"]
[SourceDate "2015.10.08"]
[SourceVersion "1"]
[SourceVersionDate "2015.10.08"]
[SourceQuality "1"]
[WhiteTeam "Prostejov"]
[BlackTeam "Hustopece"]
[WhiteTeamCountry "CZE"]
[BlackTeamCountry "CZE"]

1. e4 c5 2. f4 d5 3. exd5 Nf6 4. Bb5+ Bd7 5. Bxd7+ Qxd7 6. c4 e6 7. Qe2 Bd6 8. d3 0-0 9. dxe6 fxe6 10. Nc3 Nc6 11. Be3 Nd4 12. Qd2 Ng4 13. Bxd4 Bxf4 14. Qe2 cxd4 15. Ne4 Ne3 16. Nh3 Qa4 17. Nxf4 Rxf4 18. g3 Rf5 19. g4 Rf4 20. Qd2 Raf8 21. b3 Qd7 22. Rg1 Qf7 23. Qe2 Qe7 24. Rc1 Qh4+ 25. Ng3 Rf2 26. Qxf2 Rxf2 27. Kxf2 Nxg4+ 28. Kf3 Ne5+ 29. Kg2 Nxd3 30. Rcd1 Nf4+ 31. Kf3 e5 32. Nf5 Qh3+ 33. Ke4 g6 34. Ng3 Qe6 0-1

[Event "CZE-chT2E 1314"]
[Site "Czech Republic"]
[Date "2013.12.15"]
[Round "4.6"]
[White "Paral, Stanislav"]
[Black "Kredl, Karel"]
[Result "1/2-1/2"]
[WhiteElo "2068"]
[BlackElo "2083"]
[PlyCount "68"]
[EventDate "2013.11.03"]
[EventType "team-tourn"]
[EventRounds "11"]
[EventCountry "CZE"]
[SourceTitle "EXT 2016"]
[Source "ChessBase"]
[SourceDate "2015.10.08"]
[SourceVersion "1"]
[SourceVersionDate "2015.10.08"]
[SourceQuality "1"]
[WhiteTeam "Prostejov"]
[BlackTeam "Brno Moravska Slavia"]
[WhiteTeamCountry "CZE"]
[BlackTeamCountry "CZE"]

1. e4 c5 2. f4 d5 3. exd5 Nf6 4. Bb5+ Nbd7 5. c4 a6 6. Bxd7+ Bxd7 7. Nc3 e6 8. Qe2 Be7 9. dxe6 Bxe6 10. d3 0-0 11. Nf3 Qc7 12. Be3 Rfe8 13. 0-0-0 Bd6 14. g3 Bf5 15. Rhe1 Bg4 16. Qf2 Qc6 17. Rf1 Bh3 18. Ne5 Bxe5 19. fxe5 Rxe5 20. Nd5 Bxf1 21. Rxf1 Rxd5 22. cxd5 Qxd5 23. Qf5 Qxa2 24. Bxc5 Qe6 25. Bd4 Rc8+ 26. Kd2 Rc6 27. Bxf6 Qxf6 28. Qxf6 gxf6 29. Rf4 Kg7 30. Rg4+ Kf8 31. Rh4 Kg7 32. Rg4+ Kf8 33. Rh4 Kg7 34. Rg4+ Kf8 1/2-1/2

[Event "Brno op 1st"]
[Site "Brno"]
[Date "2010.11.17"]
[Round "6"]
[White "Paral, Stanislav"]
[Black "Ziabari, Morteza"]
[Result "1-0"]
[WhiteElo "2085"]
[BlackElo "1935"]
[PlyCount "97"]
[EventDate "2010.11.14"]
[EventType "swiss"]
[EventRounds "9"]
[EventCountry "CZE"]
[SourceTitle "EXT 2011"]
[Source "ChessBase"]
[SourceDate "2010.11.26"]
[SourceVersion "1"]
[SourceVersionDate "2010.11.26"]
[SourceQuality "1"]

1. e4 d6 2. d4 Nf6 3. Nc3 c6 4. h3 Qc7 5. Nf3 e5 6. Be3 Nbd7 7. Bc4 b5 8. dxe5 Nxe5 9. Nxe5 dxe5 10. Bd3 b4 11. Ne2 Be6 12. 0-0 Rd8 13. Ng3 h5 14. f3 h4 15. Nh1 Nh5 16. Qe1 Be7 17. Kh2 f5 18. Bf2 Nf4 19. Qe3 Nxd3 20. cxd3 c5 21. b3 Rh5 22. Rac1 Qd7 23. Qe2 f4 24. Bxc5 Bxc5 25. Rxc5 Qxd3 26. Qxd3 Rxd3 27. Nf2 Rd2 28. Ra5 Bd7 29. Ng4 Bxg4 30. hxg4 Rh6 31. Kh3 Kf8 32. Rc1 Re6 33. Rc8+ Kf7 34. Rc7+ Kf6 35. g5+ Kxg5 36. Rxg7+ Kh5 37. Raxa7 Rd1 38. Kh2 Rg6 39. Rh7+ Rh6 40. Rxh6+ Kxh6 41. Re7 Rd2 42. Rxe5 Rxa2 43. Rb5 Ra6 44. Rxb4 Rg6 45. Rb8 Kg7 46. Rb5 Rg3 47. Rh5 Kf6 48. Rxh4 Ke5 49. Rg4 1-0

[Event "Brno op 1st"]
[Site "Brno"]
[Date "2010.11.16"]
[Round "4"]
[White "Paral, Stanislav"]
[Black "Divis, Jan"]
[Result "1/2-1/2"]
[WhiteElo "2085"]
[BlackElo "1874"]
[PlyCount "120"]
[EventDate "2010.11.14"]
[EventType "swiss"]
[EventRounds "9"]
[EventCountry "CZE"]
[SourceTitle "EXT 2011"]
[Source "ChessBase"]
[SourceDate "2010.11.26"]
[SourceVersion "1"]
[SourceVersionDate "2010.11.26"]
[SourceQuality "1"]

1. e4 d5 2. exd5 Qxd5 3. Nc3 Qa5 4. d4 Nf6 5. Bc4 Bg4 6. Nge2 Nc6 7. 0-0 Rd8 8. f3 Bh5 9. Be3 e6 10. Bb5 a6 11. Bxc6+ bxc6 12. Qc1 Nd5 13. Bf2 Nxc3 14. Nxc3 Be7 15. Be3 0-0 16. Ne2 Bg6 17. Rd1 c5 18. c3 c4 19. Rd2 c5 20. Qe1 Qc7 21. Rad1 cxd4 22. Bxd4 e5 23. Qg3 f6 24. Be3 Rxd2 25. Rxd2 Rd8 26. Qe1 Rxd2 27. Qxd2 Qd8 28. Qxd8+ Bxd8 29. Kf2 Kf8 30. f4 Bc7 31. Bc5+ Kf7 32. g3 exf4 33. gxf4 Bd3 34. Be3 Bxe2 35. Kxe2 Ke6 36. b4 g5 37. fxg5 Bxh2 38. gxf6 Kxf6 39. a4 Ke6 40. Bd4 Kd6 41. Kf3 h5 42. Ke4 h4 43. Kf3 Kd5 44. Kg2 Bg3 45. Bf6 Be1 46. Kh3 Kc6 47. Kg4 Kd5 48. Bd4 Kc6 49. Kh3 Kd5 50. Kg2 Kc6 51. Kf1 Bg3 52. Kg2 Be1 53. Be5 Kb6 54. Kf1 Bd2 55. Ke2 Bg5 56. Kf2 Kc6 57. Bg7 Kd5 58. Kf3 Bd2 59. Kf2 Bg5 60. Bd4 Bf4 1/2-1/2

[Event "Brno op 1st"]
[Site "Brno"]
[Date "2010.11.14"]
[Round "1"]
[White "Zikan, Karel"]
[Black "Paral, Stanislav"]
[Result "0-1"]
[WhiteElo "1787"]
[BlackElo "2085"]
[PlyCount "78"]
[EventDate "2010.11.14"]
[EventType "swiss"]
[EventRounds "9"]
[EventCountry "CZE"]
[SourceTitle "EXT 2011"]
[Source "ChessBase"]
[SourceDate "2010.11.26"]
[SourceVersion "1"]
[SourceVersionDate "2010.11.26"]
[SourceQuality "1"]

1. Nf3 g6 2. g3 Bg7 3. Bg2 Nc6 4. 0-0 e5 5. d3 d6 6. c4 Be6 7. Nc3 Nge7 8. Rb1 Qc8 9. Re1 f5 10. Qc2 0-0 11. b4 Qe8 12. e3 Nd8 13. Nb5 Qd7 14. Ng5 c6 15. Nxe6 Nxe6 16. Nc3 Rac8 17. b5 f4 18. bxc6 bxc6 19. exf4 exf4 20. Bh3 Nf5 21. Bb2 Rce8 22. Ne4 fxg3 23. hxg3 Ned4 24. Bxd4 Bxd4 25. Qb3 Qg7 26. Bg2 Nxg3 27. Kh2 Nxe4 28. Rxe4 Rxe4 29. dxe4 Qe5+ 30. Kh1 Bxf2 31. c5+ Kg7 32. cxd6 Qxd6 33. Rd1 Bd4 34. Qb7+ Rf7 35. Qa6 Qe5 36. Qd3 c5 37. Re1 Rf4 38. Qh3 Qe7 39. Qg3 Qh4+ 0-1

[Event "Olexa Memorial op"]
[Site "Brno"]
[Date "2008.12.29"]
[Round "6"]
[White "Paral, Stanislav"]
[Black "Majer, Jiri"]
[Result "1/2-1/2"]
[WhiteElo "2072"]
[BlackElo "2285"]
[PlyCount "103"]
[EventDate "2008.12.25"]
[EventType "swiss"]
[EventRounds "9"]
[EventCountry "CZE"]
[SourceTitle "CBM 128 Extra"]
[Source "ChessBase"]
[SourceDate "2009.03.05"]
[SourceVersion "2"]
[SourceVersionDate "2009.03.25"]
[SourceQuality "1"]

1. e4 Nf6 2. e5 Nd5 3. c4 Nb6 4. a4 a5 5. d4 d5 6. c5 N6d7 7. Bd3 e6 8. Qg4 f5 9. Qg3 Nc6 10. Ne2 Nb4 11. Ra3 b6 12. Nf4 Qe7 13. cxb6 Nxb6 14. 0-0 Nxd3 15. Nxd3 Ba6 16. Nc3 Qd7 17. Ra1 Bb4 18. Rd1 Bxd3 19. Rxd3 Bxc3 20. Rxc3 Nxa4 21. Rca3 Nb6 22. Rxa5 0-0 23. b3 Qc6 24. Bh6 Qd7 25. h3 Rxa5 26. Rxa5 Ra8 27. Rc5 Kf8 28. Bd2 Ke8 29. Qh4 h6 30. Qh5+ Kf8 31. Qg6 Nc8 32. Bb4 Kg8 33. Rc3 Ne7 34. Qh5 Nc6 35. Bc5 Qf7 36. Qe2 Qd7 37. g4 Ne7 38. Qc2 fxg4 39. Bxe7 Qxe7 40. Rxc7 Qg5 41. Rc8+ Rxc8 42. Qxc8+ Kh7 43. Qc2+ Kg8 44. Qc8+ Kh7 45. Qc2+ Kg8 46. h4 Qxh4 47. Qg6 g3 48. Qxe6+ Kh7 49. Qf5+ Kh8 50. Qf8+ Kh7 51. Qf5+ Kh8 52. Qf8+ 1/2-1/2

[Event "Olexa Memorial op"]
[Site "Brno"]
[Date "2008.12.27"]
[Round "4"]
[White "Paral, Stanislav"]
[Black "Stanek, Stanislav"]
[Result "1-0"]
[WhiteElo "2072"]
[BlackElo "2101"]
[PlyCount "109"]
[EventDate "2008.12.25"]
[EventType "swiss"]
[EventRounds "9"]
[EventCountry "CZE"]
[SourceTitle "CBM 128 Extra"]
[Source "ChessBase"]
[SourceDate "2009.03.05"]
[SourceVersion "2"]
[SourceVersionDate "2009.03.25"]
[SourceQuality "1"]

1. e4 e5 2. Nf3 d6 3. Bc4 Qe7 4. c3 c6 5. d3 Be6 6. Na3 Nd7 7. Be3 Nb6 8. Bb3 Bxb3 9. Qxb3 Qc7 10. Ng5 Nh6 11. 0-0-0 Ng4 12. Bxb6 axb6 13. h3 Nf6 14. Nc4 b5 15. Ne3 h6 16. Nf3 Qa5 17. a3 g6 18. Rhf1 Be7 19. g3 0-0 20. Nh4 Kh7 21. f4 exf4 22. gxf4 Qa4 23. Qc2 Nxe4 24. Nxg6 Qxc2+ 25. Kxc2 fxg6 26. dxe4 Ra4 27. Rd4 Bf6 28. e5 dxe5 29. fxe5 Rxd4 30. cxd4 Be7 31. Kd3 Kg7 32. b4 Rxf1 33. Nxf1 Kf7 34. Nd2 Ke6 35. Ne4 b6 36. Nc3 g5 37. Ke4 h5 38. Ne2 h4 39. Ng1 Bd8 40. Nf3 g4 41. hxg4 h3 42. Kf4 Kd5 43. g5 Be7 44. g6 Bf8 45. Kg3 c5 46. bxc5 bxc5 47. dxc5 Kxc5 48. Ng5 Kd5 49. e6 Kd6 50. Kxh3 Ke7 51. Kg4 Bg7 52. Kf5 Bb2 53. Ne4 Kf8 54. Nd6 Bxa3 55. g7+ 1-0

[Event "Olexa Memorial op"]
[Site "Brno"]
[Date "2008.12.25"]
[Round "1"]
[White "Blahynka, Martin"]
[Black "Paral, Stanislav"]
[Result "0-1"]
[WhiteElo "1855"]
[BlackElo "2072"]
[PlyCount "46"]
[EventDate "2008.12.25"]
[EventType "swiss"]
[EventRounds "9"]
[EventCountry "CZE"]
[SourceTitle "CBM 128 Extra"]
[Source "ChessBase"]
[SourceDate "2009.03.05"]
[SourceVersion "2"]
[SourceVersionDate "2009.03.25"]
[SourceQuality "1"]

1. e4 e6 2. d3 d5 3. Nd2 g6 4. Ngf3 Bg7 5. g3 Nf6 6. Bg2 dxe4 7. dxe4 Nc6 8. 0-0 Bd7 9. Re1 Qe7 10. Nb3 e5 11. c3 0-0-0 12. Qc2 Be6 13. Be3 Ng4 14. Bc5 Bxb3 15. Bxe7 Bxc2 16. Bxd8 Rxd8 17. Bh3 h5 18. Nh4 Kb8 19. Rac1 Bd3 20. Ng2 Bh6 21. Rcd1 Bc4 22. Rxd8+ Nxd8 23. Rd1 Nc6 0-1

[Event "Brno op"]
[Site "Brno"]
[Date "2005.07.06"]
[Round "5"]
[White "Paral, Stanislav"]
[Black "Senkyr, Martin"]
[Result "1-0"]
[WhiteElo "2104"]
[BlackElo "1961"]
[PlyCount "53"]
[EventDate "2005.07.02"]
[EventType "swiss"]
[EventRounds "7"]
[EventCountry "CZE"]
[SourceTitle "EXT 2006"]
[Source "ChessBase"]
[SourceDate "2005.11.24"]
[SourceVersion "1"]
[SourceVersionDate "2005.11.24"]
[SourceQuality "1"]

1. e4 e5 2. Nf3 Nc6 3. Bc4 Nf6 4. Ng5 d5 5. exd5 Nd4 6. c3 b5 7. Bf1 Nxd5 8. cxd4 Qxg5 9. Bxb5+ Kd8 10. Qf3 Bb7 11. 0-0 Rb8 12. d3 Nf4 13. Bxf4 exf4 14. Bc6 Bxc6 15. Qxc6 Bd6 16. Nd2 Qf6 17. Nf3 Re8 18. Rfe1 Re6 19. d5 Re7 20. d4 h6 21. Rac1 g5 22. b3 Qg6 23. Rxe7 Kxe7 24. Ne5 Bxe5 25. dxe5 Qxc6 26. Rxc6 Kd7 27. Rf6 1-0